书目信息 |
| 题名: |
李贺诗选译
|
|
| 作者: | 李贺 著 ;冯浩菲 , 徐传武 译注 | |
| 分册: | ||
| 出版信息: | 成都 巴蜀书社 1991.10 |
|
| 页数: | 237页 | |
| 开本: | 19cm | |
| 丛书名: | 古代文史名著选译丛书 | |
| 单 册: | ||
| 中图分类: | I222.742 , I211 | |
| 科图分类: | ||
| 主题词: | 唐诗--中国--选集 , 唐诗 , 文学--作品集--中国 | |
| 电子资源: | ||
| ISBN: | 7-80523-358-6 | |
| 000 | 00921oam2 2200313 450 | |
| 001 | 1574993016 | |
| 005 | 20150119205029.56 | |
| 010 | @a7-80523-358-6@dCNY9.00 | |
| 100 | @a19920528d1991 em y0chiy0110 ea | |
| 101 | 0 | @achi |
| 102 | @aCN@b510000 | |
| 105 | @af zr 000gy | |
| 200 | 1 | @a李贺诗选译@9li he shi xuan yi@f(唐)李 贺著@g冯浩菲,徐传武译注 |
| 210 | @a成都@c巴蜀书社@d1991.10 | |
| 215 | @a237页@c插图@d19cm | |
| 225 | 2 | @a古代文史名著选译丛书@i隋唐五代@f章培恒等主编 |
| 300 | @a国家教委古籍整理“七·五”规划重点项目 | |
| 461 | 0 | @12001 @a古代文史名著选译丛书 |
| 462 | 0 | @12001 @a隋唐五代 |
| 606 | 0 | @a唐诗@y中国@x选集 |
| 606 | 0 | @a唐诗 |
| 606 | 0 | @a文学@x作品集@x中国 |
| 690 | @aI222.742@v三版 | |
| 690 | @aI211@v4 | |
| 701 | 0 | @a李贺@9li he@4著 |
| 702 | 0 | @a冯浩菲@9feng hao fei@4译注 |
| 702 | 0 | @a徐传武@9xu chuan wu@4译注 |
| 801 | 0 | @aCN@bTSSF@c20150119 |
| 905 | @aZUCC@dI211@eJY74 | |
| 李贺诗选译/(唐)李 贺著/冯浩菲,徐传武译注.-成都:巴蜀书社,1991.10 |
| 237页:插图;19cm.-(古代文史名著选译丛书.隋唐五代/章培恒等主编) |
| 国家教委古籍整理“七·五”规划重点项目 |
| ISBN 7-80523-358-6:CNY9.00 |
| ● |
| 相关链接 |
|
|
|
|
正题名:李贺诗选译
索取号:I211/JY74
 
预约/预借
| 序号 | 登录号 | 条形码 | 馆藏地/架位号 | 状态 | 备注 |
| 1 | 7836832 | 278368320 | 学院路分馆/ [索取号:I211/JY74] | 在馆 | |
| 2 | 7836833 | 278368339 | 学院路分馆/ [索取号:I211/JY74] | 在馆 |